| 000 | 00936cam a22002775a 4500 | ||
|---|---|---|---|
| 001 | 17921619 | ||
| 005 | 20151013113000.0 | ||
| 008 | 131029t2014 caua fr 001 0 eng d | ||
| 020 | _a9780321934024 | ||
| 020 | _a0321934024 | ||
| 040 |
_aCVU _beng _cCVU _dOCLCO _dDLC _dEG-ScBUE |
||
| 082 | 0 | 4 |
_222 _bDIG _a006.696 |
| 245 | 0 | 0 |
_aDigital video with Adobe Creative Cloud : _bclassroom in a book : the official training workbook from Adobe Systems. |
| 260 |
_aSan Jose : _bAdobe Press, _cc.2014. |
||
| 300 |
_axix, 378 p. : _bill. ; _c24 cm. |
||
| 490 | 1 | _aClassroom in a book | |
| 500 | _aIndex : p. 368-378. | ||
| 630 | 0 | 0 | _aAdobe Creative Cloud. |
| 650 | 0 |
_aDigital video _xEditing _xData processing. _2BUEsh _913885 |
|
| 650 | 0 |
_aDigital video _xComputer programs. _2BUEsh |
|
| 651 | _2BUEsh | ||
| 653 |
_bCOMAME _cJune2015 _cOctober2015 |
||
| 710 | 2 |
_aAdobe Systems. _918543 |
|
| 830 | 0 |
_aClassroom in a book. _918541 |
|
| 942 | _2ddc | ||
| 999 |
_c19680 _d19652 |
||